[Event "SVK-Cup14 sf4 corr"]
[Site "Slovakia"]
[Date "2005.??.??"]
[Round "?"]
[White "Istokovic, Daniel"]
[Black "Voros, Jan"]
[Result "0-1"]
[WhiteElo "1700"]
[BlackElo "1863"]
[PlyCount "38"]
[EventDate "2005.04.01"]
[EventType "tourn (corr)"]
[EventRounds "6"]
[EventCountry "SVK"]
[SourceTitle "Corr 2008"]
[Source "ChessBase"]
[SourceDate "2008.06.24"]
[SourceVersion "1"]
[SourceVersionDate "2008.06.24"]
[SourceQuality "1"]

1. d4 d6 2. Nc3 Nf6 3. Qd3 g6 4. e4 Bg7 5. Bf4 0-0 6. Nf3 Nc6 7. 0-0-0 Nb4 8. Qb5 a5 9. a3 c6 10. Qe2 b5 11. axb4 axb4 12. Nb1 Ra1 13. h3 Qa5 14. Nfd2 Qa2 15. g4 Nh5 16. e5 Nxf4 17. Qe3 Bh6 18. Rg1 Ne2+ 19. Qxe2 Rxb1# 0-1